000 01109nam a2200253Ia 4500
003 OSt
005 20220923215521.0
006 a|||||r|||| 00| 0
007 ta
008 220922b |||||||| |||| 00| 0 hin d
024 _a179,460
037 _cTextual
040 _aARTS
_cARTS
_bhin
041 _2hin
_ahin
082 _aO152,1:gJ, K2;L4
100 _aकृष्णनंद, संपा.
245 0 _aत्रिवेणी
_b आचार्य रामचंद्र शुक्ल के तीन समालोचनात्मक प्रबन्धों के विशिष्ट अंशों का संग्रह
246 _aTriveṇī: āchārya rāmachandra shukla ke tīn samālochanātmak prabandhoan ke vishiṣhṭa aanshoan kā sangraha
260 _aवाराणसी
_b नागरीप्रचारिणी सभा
_c1974
300 _a1974
_ccm.
650 _aहिन्दी साहित्य
_9156264
942 _hO152,1:gJ, K2;L4
_cTEXL
_2CC
999 _c332841
_d332841